| 000 | nam a22 a 4500 | ||
|---|---|---|---|
| 999 |
_c2349 _d2349 |
||
| 003 | AKMAL | ||
| 005 | 20170516103803.0 | ||
| 008 | 170516s1986 xxu 00 eng d | ||
| 020 | _a0833226207 | ||
| 040 |
_aAKMAL _cAKMAL |
||
| 082 | 0 | 4 | _a418.4 MAT |
| 090 | 1 | 0 | _bMAT |
| 245 | 0 | 0 |
_aUncharted waters / _cby Louise Matteoni ... [et al] |
| 260 |
_aOklahoma City : _bThe Economy Reading Co., _cc1986 |
||
| 300 |
_a544p. : _bcol. ill. ; _c24cm |
||
| 440 |
_aEconomy reading series _94880 |
||
| 650 |
_aReaders _94881 |
||
| 700 | 1 |
_aMatteoni, Louise _94882 |
|
| 942 |
_2ddc _cBOOK |
||